| 000 | 00823nam a2200181 i 4500 | ||
|---|---|---|---|
| 001 | 181248 | ||
| 003 | ES-MaACL | ||
| 005 | 20250713041043.0 | ||
| 008 | 121108s1905 ho |||| |dspa d | ||
| 245 | 0 | 0 |
_aEn honor de Cervantes _b: fiestas celebradas en Honduras con motivo del tercer centenario de la publicación de "El ingenioso hidalgo Don Quijote de la Mancha". |
| 260 |
_aTegucigalpa : _b[s.n.], _c1905 ( _fTip. Nacional) |
||
| 300 |
_a187 p. ; _c28 cm. |
||
| 530 | _aDisponible en formato digital. | ||
| 600 | 1 | 4 |
_aCervantes Saavedra, Miguel de, _d1547-1616. _tDon Quijote de la Mancha- _vAniversarios y centenarios _937614 |
| 852 |
_aES-MaACL _jT-1082-F-5 _z.- Legado Honduras |
||
| 856 |
_uhttp://bdh-rd.bne.es/viewer.vm?id=0000086535&page=1 _zBiblioteca Digital Hispánica |
||
| 999 |
_c181248 _d181248 |
||